[Event "SR 3. liga A2 2006/2007"]
[Site "?"]
[Date "2007.01.28"]
[Round "7"]
[White "Ivan, Imrich ml"]
[Black "Petenyi, Tamas"]
[Result "1-0"]
[WhiteElo "2034"]
[BlackElo "2125"]
[Annotator "Velký Meder - Galanta  /3/"]
[PlyCount "101"]
[EventDate "2006.??.??"]

1. Nf3 c5 2. c4 Nc6 3. g3 g6 4. Nc3 Bg7 5. Bg2 e6 6. O-O Nge7 7. e3 O-O 8. d4
cxd4 9. exd4 d5 10. cxd5 exd5 11. Ne5 Nxe5 12. dxe5 d4 13. Ne2 Bxe5 14. Bf4 Bg7
15. Qb3 Nc6 16. Rfd1 Re8 17. Bf3 Qf6 18. h4 h6 19. Bxc6 Rxe2 20. Bf3 Re7 21.
Re1 Be6 22. Bd5 Rd8 23. Bxe6 fxe6 24. Rad1 Qf5 25. Rd3 Kh7 26. Rf3 Qd5 27. Qa3
Rdd7 28. Bd2 a6 29. Qd3 h5 30. Bg5 Rf7 31. Rxf7 Rxf7 32. a3 e5 33. Re4 Qb5 34.
Qd2 d3 35. g4 hxg4 36. Rxg4 Qd7 37. Rg2 e4 38. h5 gxh5 39. Qd1 Rf3 40. Be3 Qd5
41. Rg5 Qe6 42. Rxh5+ Kg8 43. Rg5 Qc4 44. Qf1 Rf7 45. Qg2 Rd7 46. Qg4 Qf7 47.
Bd2 e3 48. fxe3 Qe8 49. e4 Kh7 50. Bc3 Bh6 51. Qf5+ 1-0

[Event "SR 3. liga A2 2006/2007"]
[Site "?"]
[Date "2007.01.28"]
[Round "7"]
[White "Nagy, Tomas"]
[Black "Csefalvay, Stefan"]
[Result "1-0"]
[WhiteElo "2125"]
[BlackElo "1957"]
[Annotator "Velký Meder - Galanta  /4/"]
[PlyCount "75"]
[EventDate "2006.??.??"]

1. d4 d5 2. c4 c6 3. Nc3 Nf6 4. e3 e6 5. a3 Be7 6. Nf3 Nbd7 7. Bd3 dxc4 8. Bxc4
O-O 9. O-O b5 10. Ba2 a6 11. e4 Re8 12. Bg5 Nf8 13. Rc1 Bb7 14. e5 N6d7 15.
Bxe7 Qxe7 16. Ne4 Rab8 17. Nd6 Rec8 18. Nxc8 Rxc8 19. b4 Rd8 20. Qe2 Ng6 21.
Rfd1 Nb6 22. Qe3 h6 23. Nd2 Nf8 24. Ne4 Nc8 25. Nc5 Nb6 26. f4 Bc8 27. Qf3 Nd5
28. Ne4 Bb7 29. Nd6 Ba8 30. Bxd5 exd5 31. Qg4 Rxd6 32. exd6 Qd8 33. Re1 Bb7 34.
f5 Qxd6 35. Re8 a5 36. Qg3 Qxg3 37. hxg3 g6 38. fxg6 1-0

[Event "SR 3. liga A2 2006/2007"]
[Site "?"]
[Date "2007.01.28"]
[Round "7"]
[White "Szitasi, Janos"]
[Black "Nagy, Attila"]
[Result "1/2-1/2"]
[WhiteElo "1996"]
[BlackElo "2120"]
[Annotator "Velký Meder - Galanta  /5/"]
[PlyCount "146"]
[EventDate "2006.??.??"]

1. e4 c5 2. Nf3 Nc6 3. Nc3 g6 4. d4 cxd4 5. Nxd4 Bg7 6. Be3 Nf6 7. Bc4 O-O 8.
f3 Qb6 9. Bb3 Ng4 10. Nd5 Qa5+ 11. Bd2 Qc5 12. c3 e6 13. Ne3 Nge5 14. Bc1 Nxd4
15. cxd4 Qb4+ 16. Kf2 Nc6 17. d5 Nd4 18. Bd2 Qb6 19. Nc4 Qc5 20. Be3 b5 21. Rc1
exd5 22. Ne5 Qd6 23. Bxd4 Bxe5 24. Bc5 Qf6 25. Bxf8 Kxf8 26. Qxd5 Bd4+ 27. Ke2
Rb8 28. Rhd1 Bxb2 29. Qc5+ Kg7 30. Rc2 Be5 31. g3 b4 32. Qxa7 d5 33. Bxd5 Ba6+
34. Kf2 Rb6 35. Kg2 h5 36. Qa8 h4 37. Qe8 hxg3 38. hxg3 Bb5 39. Qc8 Rd6 40. Rh1
Rd8 41. Qh3 Bf1+ 42. Rxf1 Rh8 43. Qd7 Bxg3 44. Rh1 Rxh1 45. Kxh1 Qxf3+ 46. Kg1
Qd1+ 47. Kg2 Qxc2+ 48. Kxg3 Qc3+ 49. Kg4 Qf6 50. Qb7 Qf2 51. Qxb4 f5+ 52. exf5
Qxf5+ 53. Kg3 Qxd5 54. a4 Qd3+ 55. Kf2 Qf5+ 56. Ke3 Qe5+ 57. Kd3 Qg3+ 58. Kc2
Qf2+ 59. Kb3 Qf7+ 60. Ka3 Qf3+ 61. Kb2 Qe2+ 62. Kb3 Qe6+ 63. Qc4 Qb6+ 64. Qb5
Qe3+ 65. Kc4 Qe2+ 66. Kc5 Qe5+ 67. Kc6 Qe8+ 68. Kb6 Qb8+ 69. Ka5 Qa7+ 70. Kb4
Qd4+ 71. Ka3 Qc3+ 72. Qb3 Qxb3+ 73. Kxb3 g5 1/2-1/2

[Event "SR 3. liga A2 2006/2007"]
[Site "?"]
[Date "2007.01.28"]
[Round "7"]
[White "Csiba, Dominik"]
[Black "Vizvari, Ludovit"]
[Result "1-0"]
[WhiteElo "2070"]
[BlackElo "2033"]
[Annotator "Velký Meder - Galanta  /6/"]
[PlyCount "67"]
[EventDate "2006.??.??"]

1. d4 d5 2. c4 e6 3. Nf3 c5 4. cxd5 exd5 5. Nc3 Nc6 6. e3 Nf6 7. Bb5 Bg4 8. Qa4
Bd7 9. Ne5 Qc8 10. O-O a6 11. Bxc6 Bxc6 12. Nxc6 Qxc6 13. Qxc6+ bxc6 14. Na4
cxd4 15. exd4 Rb8 16. a3 Kd7 17. Bf4 Bd6 18. Nc5+ Bxc5 19. Bxb8 Bxd4 20. Bg3
Ne4 21. Rab1 Nxg3 22. hxg3 c5 23. b4 Rc8 24. bxc5 Bxc5 25. a4 Rc7 26. Rb8 a5
27. Rd1 Kc6 28. Rb5 d4 29. Kf1 Bb4 30. Rxd4 Re7 31. Rd1 f6 32. f3 h6 33. g4 Re6
34. Rc1+ 1-0

[Event "SR 3. liga A2 2006/2007"]
[Site "?"]
[Date "2007.01.28"]
[Round "7"]
[White "Vegh, Vince"]
[Black "Merva, Frantisek"]
[Result "1-0"]
[WhiteElo "1846"]
[BlackElo "2059"]
[Annotator "Velký Meder - Galanta  /7/"]
[PlyCount "148"]
[EventDate "2006.??.??"]

1. e4 c5 2. Nf3 Nc6 3. d4 cxd4 4. Nxd4 g6 5. Nc3 Bg7 6. Be3 Nf6 7. f3 O-O 8.
Bc4 d6 9. Qd2 Bd7 10. h4 Rc8 11. Bb3 Ne5 12. h5 gxh5 13. O-O-O a5 14. Bh6 Bxh6
15. Qxh6 a4 16. Nxa4 Kh8 17. Ne2 Rg8 18. Nf4 Qf8 19. Qxf8 Rcxf8 20. Nb6 Bc6 21.
Rd2 Ng6 22. Nxh5 Nxh5 23. Rxh5 Nf4 24. Rh2 Rg3 25. Nc4 f5 26. exf5 Rxf5 27. c3
h5 28. Bc2 Rfg5 29. Ne3 Bd7 30. b4 Re5 31. Nc4 Re1+ 32. Kb2 Bb5 33. Rh4 Bxc4
34. Rxf4 Bf1 35. Rh4 Re5 36. f4 Ree3 37. Rxh5+ Kg7 38. Rh2 Rxc3 39. Rf2 Bc4 40.
f5 Rce3 41. f6+ exf6 42. Rh7+ Kg8 43. Rxb7 Re6 44. Bf5 Re2+ 45. Rxe2 Bxe2 46.
Be4 Bc4 47. Rc7 d5 48. Bf3 Rg5 49. a4 Bf1 50. Rc2 d4 51. b5 Bxb5 52. axb5 Rxb5+
53. Kc1 Kf7 54. Kd2 Ke6 55. Kd3 Ke5 56. Re2+ Kf4 57. Re4+ Kg5 58. Rxd4 f5 59.
Rd5 Rb3+ 60. Kd4 Kf4 61. Rc5 Rb8 62. Kd5 Re8 63. Rc4+ Kg3 64. Kd6 f4 65. Bc6
Rh8 66. Rc3+ Kg4 67. Bd7+ Kg5 68. Ke5 Ra8 69. Rc8 Ra5+ 70. Ke4 Ra7 71. Rc5+ Kh4
72. Rd5 Kg3 73. Rg5+ Kh4 74. Rg7 Kh5 1-0

[Event "SR 3. liga A2 2006/2007"]
[Site "?"]
[Date "2007.01.28"]
[Round "7"]
[White "Danis, Jozef"]
[Black "Magyarics, Jozef"]
[Result "1-0"]
[WhiteElo "1756"]
[BlackElo "1546"]
[Annotator "Velký Meder - Galanta  /8/"]
[PlyCount "55"]
[EventDate "2006.??.??"]

1. d4 f5 2. c4 e6 3. Nf3 Nf6 4. Bg5 Be7 5. Nc3 d6 6. e3 Nbd7 7. Bd3 O-O 8. Qc2
Nb6 9. O-O-O Bd7 10. h4 Qe8 11. Bxf6 Bxf6 12. g4 Bc6 13. e4 Qg6 14. exf5 exf5
15. Bxf5 Qf7 16. d5 Bd7 17. Bxh7+ Kh8 18. Bg6 Qe7 19. Rde1 Qd8 20. Ng5 Bxg5+
21. hxg5+ Kg8 22. Bh7+ Kh8 23. Bf5+ Kg8 24. Bh7+ Kh8 25. f4 Rxf4 26. Qh2 Qxg5
27. Bg6+ Qh6 28. Qxf4 1-0

[Event "SR 3. liga A2 2006/2007"]
[Site "?"]
[Date "2007.01.28"]
[Round "7"]
[White "Feranec, Milan"]
[Black "Stepanovic, Branislav"]
[Result "1-0"]
[WhiteElo "1890"]
[BlackElo "2051"]
[Annotator "Vrbové - Piestany B  /1/"]
[PlyCount "104"]
[EventDate "2006.??.??"]

1. Nf3 c5 2. b3 d5 3. Bb2 Nc6 4. e3 a6 5. Be2 e6 6. d3 Nf6 7. Nbd2 Be7 8. a4
O-O 9. O-O Qc7 10. c4 Rd8 11. Qb1 e5 12. cxd5 Nxd5 13. Rc1 Be6 14. Nc4 f6 15.
a5 Rab8 16. Bf1 Bf7 17. e4 Nf4 18. g3 Bh5 19. Ncd2 Ne6 20. Bc3 Ned4 21. Bxd4
cxd4 22. Nh4 Bb4 23. Nc4 Re8 24. Ra4 Bf7 25. Nf5 g6 26. Nh6+ Kg7 27. Nxf7 Kxf7
28. Nb6 Bxa5 29. Nd5 Qd8 30. b4 Bc7 31. b5 axb5 32. Qxb5 Kg7 33. Bh3 h5 34. Kg2
Qd6 35. Rc5 Rf8 36. f4 Bd8 37. Ra2 Ne7 38. Ra7 Nxd5 39. Rxd5 Qb6 40. Rd7+ Rf7
41. Rxf7+ Kxf7 42. Qd5+ Kf8 43. Ra2 Be7 44. fxe5 Rd8 45. Qc4 fxe5 46. Rf2+ Bf6
47. Be6 Kg7 48. Qa2 Qa6 49. Qb3 Rd6 50. Bd5 Rb6 51. Qc2 Bd8 52. Rf7+ Kh6 {
Jeden necitatelny,druhy nedopisany zapis partie-skoda.} 1-0

[Event "SR 3. liga A2 2006/2007"]
[Site "?"]
[Date "2007.01.28"]
[Round "7"]
[White "Pobjecky, Ivan"]
[Black "Krchnak, Rudolf"]
[Result "1-0"]
[WhiteElo "2048"]
[BlackElo "1950"]
[Annotator "Vrbové - Piestany B  /2/"]
[PlyCount "49"]
[EventDate "2006.??.??"]

1. e4 c5 2. Nf3 d6 3. d4 cxd4 4. Nxd4 Nf6 5. Nc3 a6 6. Bg5 e6 7. Qd2 Be7 8.
O-O-O O-O 9. f3 Qc7 10. g4 Nbd7 11. h4 Ne5 12. h5 b5 13. h6 g6 14. Qf4 Ned7 15.
Qe3 Bb7 16. Bh3 Rfc8 17. Bxf6 Nxf6 18. Qd2 b4 19. Nce2 d5 20. g5 Ne8 21. Nxe6
Qa5 22. Kb1 Rcb8 23. exd5 Bc8 24. Qf4 fxe6 25. dxe6 1-0

[Event "SR 3. liga A2 2006/2007"]
[Site "?"]
[Date "2007.01.28"]
[Round "7"]
[White "Smrek, Peter"]
[Black "Manak, Jozef"]
[Result "0-1"]
[WhiteElo "1964"]
[BlackElo "2043"]
[Annotator "Vrbové - Piestany B  /3/"]
[PlyCount "70"]
[EventDate "2006.??.??"]

1. e4 c5 2. Nf3 a6 3. a4 Nc6 4. Nc3 e6 5. d4 cxd4 6. Nxd4 Bb4 7. Nde2 Nf6 8.
Bd2 O-O 9. g3 d5 10. exd5 exd5 11. Bg2 Bg4 12. O-O Re8 13. f3 Bc5+ 14. Kh1 Bf5
15. Bg5 Nb4 16. Rc1 Qd7 17. Bxf6 gxf6 18. Nd4 Be6 19. f4 Nc6 20. Nce2 Bg4 21.
Qd3 Nxd4 22. Nxd4 Qxa4 23. Nb3 Bb6 24. Qxd5 Be2 25. Qxb7 Rab8 26. Bc6 Qb4 27.
c3 Qxb3 28. Bd5 Rxb7 29. Bxb3 Bxf1 30. Rxf1 Bc5 31. Ba4 Re2 32. b4 Bf2 33. Bd1
Re1 34. Rxe1 Bxe1 35. Be2 Ra7 0-1

[Event "SR 3. liga A2 2006/2007"]
[Site "?"]
[Date "2007.01.28"]
[Round "7"]
[White "Gono, Pavol"]
[Black "Lanyi, Frantisek"]
[Result "1-0"]
[WhiteElo "2009"]
[BlackElo "1629"]
[Annotator "Vrbové - Piestany B  /4/"]
[PlyCount "69"]
[EventDate "2006.??.??"]

1. e4 e5 2. Nf3 Nc6 3. Bc4 Be7 4. d4 exd4 5. Nxd4 Nxd4 6. Qxd4 Nf6 7. e5 c5 8.
Qf4 d5 9. exf6 Bxf6 10. Bb5+ Bd7 11. Bxd7+ Qxd7 12. O-O O-O 13. Nc3 Rfe8 14.
Qf3 Re5 15. Bf4 Rf5 16. g4 Bxc3 17. gxf5 Qxf5 18. bxc3 g5 19. Qg3 Qxf4 20. Qxf4
gxf4 21. f3 Kg7 22. Kf2 Kf6 23. Rfe1 b5 24. Re2 Rd8 25. Rae1 Rd7 26. Re5 a5 27.
Rh5 d4 28. cxd4 cxd4 29. Rxb5 d3 30. cxd3 Rxd3 31. Rxa5 Rd2+ 32. Re2 Rd8 33. a4
Rd4 34. Ra2 Ke6 35. Rh5 1-0

[Event "SR 3. liga A2 2006/2007"]
[Site "?"]
[Date "2007.01.28"]
[Round "7"]
[White "Podjavorinsky, Peter"]
[Black "Mihalik, Anton"]
[Result "0-1"]
[WhiteElo "1704"]
[BlackElo "1994"]
[Annotator "Vrbové - Piestany B  /5/"]
[PlyCount "100"]
[EventDate "2006.??.??"]

1. e4 c5 2. Nf3 d6 3. d4 cxd4 4. Nxd4 Nf6 5. Nc3 a6 6. Be2 e6 7. Be3 Be7 8. Qd2
Qc7 9. h3 Nbd7 10. f4 b5 11. a3 Bb7 12. Bf3 Nc5 13. e5 dxe5 14. Bxb7 Nxb7 15.
fxe5 Qxe5 16. O-O Bc5 17. Qf2 O-O 18. Rfe1 Rac8 19. Rad1 Rfd8 20. Kh1 Bd6 21.
Nf3 Qh5 22. Rd4 Bc5 23. Rh4 Bxe3 24. Rxe3 Qc5 25. Ne5 Nd6 26. Nd3 Qb6 27. g4
Nc4 28. Rf3 Qxf2 29. Rxf2 Nxb2 30. g5 Nxd3 31. cxd3 Rxc3 32. gxf6 Rdxd3 33. a4
Rxh3+ 34. Rxh3 Rxh3+ 35. Kg2 Ra3 36. axb5 axb5 37. Rb2 Ra5 38. fxg7 Kxg7 39.
Kf3 f5 40. Re2 Kf6 41. Rh2 Ra7 42. Rh6+ Ke5 43. Rh4 Rb7 44. Rb4 Kd5 45. Kf4 Kc5
46. Rb1 b4 47. Ke5 Rb6 48. Rc1+ Kb5 49. Kd4 b3 50. Rb1 Kb4 0-1

[Event "SR 3. liga A2 2006/2007"]
[Site "?"]
[Date "2007.01.28"]
[Round "7"]
[White "Curidlo, Jan"]
[Black "Lajda, Dusan"]
[Result "1/2-1/2"]
[WhiteElo "2084"]
[BlackElo "1737"]
[Annotator "Vrbové - Piestany B  /6/"]
[PlyCount "79"]
[EventDate "2006.??.??"]

1. e4 c5 2. Nf3 Nc6 3. d4 cxd4 4. Nxd4 d6 5. Be3 Nf6 6. Nc3 g6 7. Be2 Bg7 8. f3
O-O 9. Qd2 a6 10. O-O Nxd4 11. Bxd4 b5 12. a3 Bb7 13. Kh1 Rc8 14. Rad1 h5 15.
Be3 Qc7 16. Bd3 Nd7 17. Bh6 Ne5 18. Bxg7 Kxg7 19. h3 Nc4 20. Bxc4 Qxc4 21. Rf2
Rc7 22. Qe3 Qc5 23. Qxc5 Rxc5 24. Nb1 Rfc8 25. c3 f6 26. Nd2 Kf7 27. Nb3 R5c7
28. Rfd2 g5 29. Kg1 h4 30. Kf2 Kg6 31. Nd4 Kf7 32. Ke3 Rb8 33. Nf5 Bc8 34. Nd4
Bd7 35. Nc2 Be6 36. Nb4 Ra8 37. f4 gxf4+ 38. Kxf4 a5 39. Nd5 Rc6 40. Ne3
1/2-1/2

[Event "SR 3. liga A2 2006/2007"]
[Site "?"]
[Date "2007.01.28"]
[Round "7"]
[White "Bjel, Jan"]
[Black "Bincik, Pavol"]
[Result "0-1"]
[WhiteElo "1350"]
[BlackElo "1937"]
[Annotator "Vrbové - Piestany B  /7/"]
[PlyCount "70"]
[EventDate "2006.??.??"]

1. e4 c6 2. Nf3 d5 3. exd5 cxd5 4. Be2 Nc6 5. O-O Bf5 6. Bb5 Qb6 7. Bxc6+ bxc6
8. h3 e6 9. b3 Bc5 10. d3 Nf6 11. Bb2 O-O 12. Bxf6 gxf6 13. Nc3 Qc7 14. Ne2 Kh8
15. Ng3 Qxg3 16. d4 Qg7 17. dxc5 Bxh3 18. Nh4 Rg8 19. Qf3 Bg4 20. Qe3 Bf5 21.
c3 Qg4 22. Qd4 Qg5 23. g3 Be4 24. Kh2 e5 25. Qe3 Qh5 26. f3 Bf5 27. Rh1 Be6 28.
Kg2 Qg5 29. Qf2 Rg7 30. Rag1 Rag8 31. Kh2 a5 32. Rg2 Qh6 33. Rc1 Rxg3 34. Rxg3
Qxh4+ 35. Kg2 Qh3+ 0-1

[Event "SR 3. liga A2 2006/2007"]
[Site "?"]
[Date "2007.01.28"]
[Round "7"]
[White "Gono, Michal"]
[Black "Bjel, Tomas"]
[Result "1-0"]
[WhiteElo "1593"]
[BlackElo "1350"]
[Annotator "Vrbové - Piestany B  /8/"]
[PlyCount "113"]
[EventDate "2006.??.??"]

1. d4 d5 2. c4 dxc4 3. e4 Nc6 4. d5 Ne5 5. f4 Nd3+ 6. Bxd3 cxd3 7. Nc3 e6 8.
Qxd3 exd5 9. Qxd5 Be6 10. Qxd8+ Rxd8 11. Nge2 Bb4 12. O-O Bc4 13. Rf3 Bxe2 14.
Nxe2 Rd1+ 15. Kf2 Bc5+ 16. Kg3 Nf6 17. Nc3 Re1 18. e5 Nh5+ 19. Kg4 g6 20. b3
Ba3 21. Bb2 Rxa1 22. Bxa1 Ng7 23. Nb5 h5+ 24. Kh3 Be7 25. Nxc7+ Kd7 26. Nd5 Ke6
27. Nxe7 Kxe7 28. Rc3 Ne6 29. g3 Rg8 30. Rc4 g5 31. fxg5 Nxg5+ 32. Kg2 Ne6 33.
Ra4 a6 34. Rb4 b5 35. a4 bxa4 36. Rb7+ Ke8 37. bxa4 Rg6 38. a5 Nc5 39. Rb8+ Ke7
40. Bc3 Nd3 41. h4 Ke6 42. Rh8 Nxe5 43. Re8+ Kd7 44. Rxe5 Rc6 45. Be1 Re6 46.
Rxe6 Kxe6 47. Kf3 Kf5 48. Bd2 Ke5 49. g4 hxg4+ 50. Kxg4 Kf6 51. h5 Kg7 52. Kg5
Kh7 53. Kf6 Kg8 54. h6 Kh8 55. Kxf7 Kh7 56. Kf6 Kg8 57. Kg6 1-0

[Event "SR 3. liga A2 2006/2007"]
[Site "?"]
[Date "2007.01.28"]
[Round "7"]
[White "Kovacocy, Pavel"]
[Black "Krajcovic, Branislav"]
[Result "1-0"]
[WhiteElo "2266"]
[BlackElo "2111"]
[Annotator "Cífer - Hlohovec jun.  /1/"]
[PlyCount "89"]
[EventDate "2006.??.??"]

1. e4 e5 2. Nf3 Nc6 3. Bb5 Nf6 4. O-O Nxe4 5. Re1 Nd6 6. Nxe5 Nxe5 7. Rxe5+ Be7
8. Bf1 O-O 9. d4 Bf6 10. Re1 Nf5 11. c3 d5 12. Bf4 c6 13. Bd3 Re8 14. Rxe8+
Qxe8 15. Nd2 Nh4 16. Qc2 Ng6 17. Bg3 Qe7 18. Nf3 Be6 19. Re1 Re8 20. Ne5 Bxe5
21. Bxe5 Bc8 22. Re2 Qd8 23. Bg3 Bd7 24. Rxe8+ Qxe8 25. h4 Nf8 26. Bd6 h6 27.
Qd2 Qe6 28. Bg3 Ng6 29. f3 Qf6 30. Qe1 Ne7 31. Be5 Qe6 32. Qg3 Ng6 33. Kf2 Nxe5
34. Qxe5 a6 35. Qc7 b5 36. Qd8+ Be8 37. Qa8 Qe7 38. g3 Qe6 39. Qxa6 Qh3 40. Qa8
Qh2+ 41. Ke3 Kf8 42. Qa3+ Kg8 43. Qe7 Qg1+ 44. Kd2 Qf2+ 45. Kc1 1-0

[Event "SR 3. liga A2 2006/2007"]
[Site "?"]
[Date "2007.01.28"]
[Round "7"]
[White "Gajarsky, Roman"]
[Black "Cechovic, Stefan"]
[Result "1/2-1/2"]
[WhiteElo "2008"]
[BlackElo "2197"]
[Annotator "Cífer - Hlohovec jun.  /2/"]
[PlyCount "22"]
[EventDate "2006.??.??"]

1. e4 c6 2. d4 d5 3. Nd2 dxe4 4. Nxe4 Nd7 5. c4 Ngf6 6. Nc3 Nb6 7. Be3 Bf5 8.
h3 e6 9. a3 Be7 10. Nf3 O-O 11. Be2 Ne4 $11 1/2-1/2

[Event "SR 3. liga A2 2006/2007"]
[Site "?"]
[Date "2007.01.28"]
[Round "7"]
[White "Sarmir, Milos"]
[Black "Slamena, Michal"]
[Result "1-0"]
[WhiteElo "2159"]
[BlackElo "1957"]
[Annotator "Cífer - Hlohovec jun.  /3/"]
[PlyCount "77"]
[EventDate "2006.??.??"]

1. e4 c5 2. Nf3 d6 3. d4 cxd4 4. Nxd4 Nf6 5. Nc3 g6 6. Be2 Bg7 7. O-O O-O 8.
Be3 Nc6 9. Kh1 Nxd4 10. Bxd4 e5 11. Be3 Qe7 12. Bg5 Be6 13. Nb5 Rfd8 14. c4 h6
15. Bxf6 Bxf6 16. b3 Bg5 17. Qd3 a6 18. Nc3 f5 19. Bf3 f4 20. Rad1 Qc7 21. Qe2
Kg7 22. Bg4 Bf7 23. Rd3 h5 24. Bf3 Be7 25. g3 fxg3 26. fxg3 Rf8 27. Nd1 Be6 28.
Ne3 Rf6 29. g4 hxg4 30. Bxg4 Rxf1+ 31. Qxf1 Bxg4 32. Nxg4 Rf8 33. Qh3 Rh8 34.
Qg2 Qc5 35. Ne3 Qc7 36. Qg4 Rf8 37. Nf5+ Kf7 38. Rg3 Ke8 39. Ng7+ 1-0

[Event "SR 3. liga A2 2006/2007"]
[Site "?"]
[Date "2007.01.28"]
[Round "7"]
[White "Peska, Juraj"]
[Black "Vagovsky, Jozef"]
[Result "1/2-1/2"]
[WhiteElo "1955"]
[BlackElo "2034"]
[Annotator "Cífer - Hlohovec jun.  /4/"]
[PlyCount "24"]
[EventDate "2006.??.??"]

1. c4 Nf6 2. Nc3 e6 3. g3 d5 4. cxd5 exd5 5. d4 c6 6. Bg2 Bb4 7. Bd2 Bf5 8. Nf3
O-O 9. O-O Na6 10. a3 Bd6 11. Re1 h6 12. b4 Nc7 $11 1/2-1/2

[Event "SR 3. liga A2 2006/2007"]
[Site "?"]
[Date "2007.01.28"]
[Round "7"]
[White "Vlkovic, Pavol"]
[Black "Hertel, Ondrej"]
[Result "0-1"]
[WhiteElo "1924"]
[BlackElo "1990"]
[Annotator "Cífer - Hlohovec jun.  /5/"]
[PlyCount "88"]
[EventDate "2006.??.??"]

1. e4 c6 2. d4 d5 3. exd5 cxd5 4. Bd3 Nf6 5. Nf3 Bg4 6. Nbd2 e6 7. c3 Bd6 8.
O-O O-O 9. Re1 Nbd7 10. h3 Bh5 11. Qc2 Bg6 12. Ne5 Bxd3 13. Qxd3 Qc7 14. Nef3
Rab8 15. Nf1 Ne4 16. Ng5 Ndf6 17. Be3 Nxg5 18. Bxg5 Ne4 19. Be3 b5 20. a3 Rfc8
21. Rec1 Qb7 22. Nd2 Nxd2 23. Qxd2 Rc4 24. Bf4 Bxf4 25. Qxf4 Rbc8 26. h4 a5 27.
h5 h6 28. g4 Qc7 29. Qxc7 R8xc7 30. Rc2 Rxd4 31. f3 Rdc4 32. Kf2 b4 33. axb4
axb4 34. Ra8+ Kh7 35. Rf8 g6 36. hxg6+ Kxg6 37. Re2 Kg7 38. Rd8 bxc3 39. bxc3
Rxc3 40. Ra2 Rc2+ 41. Rxc2 Rxc2+ 42. Ke3 Rc4 43. Rd7 h5 44. gxh5 Rh4 0-1

[Event "SR 3. liga A2 2006/2007"]
[Site "?"]
[Date "2007.01.28"]
[Round "7"]
[White "Kollarik, Gorazd"]
[Black "Kovacik, Lubomir"]
[Result "1/2-1/2"]
[WhiteElo "1976"]
[BlackElo "1769"]
[Annotator "Cífer - Hlohovec jun.  /6/"]
[PlyCount "30"]
[EventDate "2006.??.??"]

1. d4 d5 2. c4 e6 3. Nc3 Nf6 4. Nf3 dxc4 5. e3 c5 6. Bxc4 cxd4 7. Nxd4 Be7 8.
O-O O-O 9. Qb3 a6 10. a4 Qc7 11. Rd1 Nbd7 12. Qa2 Nb6 13. Be2 Rd8 14. Bd2 e5
15. Nf3 Be6 $11 1/2-1/2

[Event "SR 3. liga A2 2006/2007"]
[Site "?"]
[Date "2007.01.28"]
[Round "7"]
[White "Markuliak, Mario"]
[Black "Synak, Jan"]
[Result "0-1"]
[WhiteElo "1588"]
[BlackElo "1802"]
[Annotator "Cífer - Hlohovec jun.  /7/"]
[PlyCount "78"]
[EventDate "2006.??.??"]

1. c4 e5 2. Nc3 Nf6 3. g3 Bc5 4. Bg2 Nc6 5. e3 O-O 6. Nf3 d6 7. O-O Bf5 8. d4
Bb6 9. Re1 Qd7 10. a3 a5 11. d5 Ne7 12. b3 h6 13. Bb2 Bh3 14. b4 Ng6 15. Nd2
Nh7 16. Na4 Ng5 17. Nxb6 cxb6 18. f4 Bxg2 19. Kxg2 Qh3+ 20. Kg1 Nh7 21. Qf3 f5
22. Qg2 Qh5 23. Qf3 Qh3 24. Qg2 Qh5 $11 25. Nf3 Rae8 26. Rac1 axb4 27. axb4 Rf7
28. fxe5 Nxe5 29. Nxe5 dxe5 30. Qe2 Qh3 31. c5 bxc5 32. Rxc5 g5 33. Qd3 Nf8 34.
d6 f4 35. exf4 gxf4 36. Rexe5 Rxe5 37. Bxe5 f3 38. Rc2 Qg4 39. Qc4 f2+ 0-1

[Event "SR 3. liga A2 2006/2007"]
[Site "?"]
[Date "2007.01.28"]
[Round "7"]
[White "Racik, Marek"]
[Black "Olos, Stanislav"]
[Result "1-0"]
[WhiteElo "1901"]
[BlackElo "1550"]
[Annotator "Cífer - Hlohovec jun.  /8/"]
[PlyCount "77"]
[EventDate "2006.??.??"]

1. Nf3 Nc6 2. g3 b6 3. Bg2 Bb7 4. c4 Nd4 5. e3 Nxf3+ 6. Bxf3 Bxf3 7. Qxf3 Nf6
8. Nc3 e6 9. d4 d5 10. b3 a6 11. O-O c6 12. Bb2 Be7 13. Rfd1 h5 14. h4 Ng4 15.
e4 g5 16. exd5 gxh4 17. dxe6 fxe6 18. Qxc6+ Kf7 19. Qf3+ Ke8 20. Qc6+ Kf7 21.
d5 Qd6 22. Qxd6 Bxd6 23. Ne4 Be5 24. Bxe5 Nxe5 25. Ng5+ Ke7 26. Re1 Kf6 27. f4
exd5 28. Rxe5 dxc4 29. Ne4+ Kf7 30. gxh4 cxb3 31. axb3 Rhg8+ 32. Ng5+ Kf6 33.
Kf2 a5 34. Re6+ Kf5 35. Rxb6 Kxf4 36. Re1 Kf5 37. Rb5+ Kg6 38. Re6+ Kg7 39.
Rb7+ 1-0

[Event "SR 3. liga A2 2006/2007"]
[Site "?"]
[Date "2007.02.11"]
[Round "8"]
[White "Provaznik, Michal"]
[Black "Kovacocy, Pavel"]
[Result "1-0"]
[WhiteElo "2176"]
[BlackElo "2266"]
[Annotator "Holíc - Cífer  /1/"]
[PlyCount "73"]
[EventDate "2006.??.??"]

1. Nf3 Nf6 2. d4 g6 3. g3 Bg7 4. Bg2 O-O 5. O-O d6 6. c4 Nbd7 7. Nc3 c6 8. e4
e5 9. h3 Re8 10. Re1 exd4 11. Nxd4 Qb6 12. Nc2 Ne5 13. Be3 Qa5 14. b4 Qc7 15.
Qe2 Be6 16. Na3 Nfd7 17. Rac1 Nb6 18. Ncb1 f5 19. f4 Ned7 20. c5 dxc5 21. bxc5
Nc8 22. Nd2 Ne7 23. Nac4 fxe4 24. Nd6 Rf8 25. N2xe4 Nf6 26. Ng5 Bd7 27. Bd4
Nfd5 28. Bxg7 Kxg7 29. Qe5+ Kg8 30. Rcd1 h6 31. Rxd5 hxg5 32. Qxg5 cxd5 33.
Rxe7 Qxc5+ 34. Kh2 Be8 35. Bxd5+ Rf7 36. Bxf7+ Bxf7 37. Qxc5 1-0

[Event "SR 3. liga A2 2006/2007"]
[Site "?"]
[Date "2007.02.11"]
[Round "8"]
[White "Cechovic, Stefan"]
[Black "Horak, Ivan"]
[Result "1/2-1/2"]
[WhiteElo "2197"]
[BlackElo "2127"]
[Annotator "Holíc - Cífer  /2/"]
[PlyCount "106"]
[EventDate "2006.??.??"]

1. e4 c5 2. f4 e6 3. Nf3 Nc6 4. d3 d6 5. g3 g6 6. Bg2 Bg7 7. c3 Nge7 8. O-O O-O
9. Re1 Rb8 10. Nbd2 b6 11. Nf1 Kh8 12. h3 h6 13. Kh2 Bb7 14. Nh4 Kh7 15. Qg4 f5
16. Qe2 d5 17. e5 d4 18. c4 a6 19. b3 b5 20. Ba3 b4 21. Bc1 a5 22. Nf3 a4 23.
g4 Ra8 24. Rb1 axb3 25. axb3 Ra5 26. Ng3 Qa8 27. Nh4 Nd8 28. Rg1 Bxg2 29. Rxg2
Rg8 30. gxf5 exf5 31. Nxg6 Nxg6 32. Nxf5 Ne6 33. Qg4 Nxe5 34. Qe2 Nf3+ 35. Kh1
Re8 36. Nd6 Nh4 37. Nxe8 Nxg2 38. Qxg2 Qxe8 39. Qe4+ Kh8 40. f5 Qh5 41. fxe6
Qxh3+ 42. Kg1 Qg3+ 43. Kf1 Ra6 44. Bf4 Qh3+ 45. Kf2 Rxe6 46. Qf3 Qh4+ 47. Bg3
Qe7 48. Kg2 Re3 49. Qf5 Be5 50. Qc8+ Kh7 51. Qf5+ Kh8 52. Qc8+ Kh7 53. Qf5+ Kh8
1/2-1/2

[Event "SR 3. liga A2 2006/2007"]
[Site "?"]
[Date "2007.02.11"]
[Round "8"]
[White "Kovarik, Oto"]
[Black "Sarmir, Milos"]
[Result "1-0"]
[WhiteElo "2050"]
[BlackElo "2159"]
[Annotator "Holíc - Cífer  /3/"]
[PlyCount "85"]
[EventDate "2006.??.??"]

1. e4 c6 2. d4 d6 3. c4 Nf6 4. Nc3 Qc7 5. Be2 e5 6. Nf3 Bg4 7. O-O Be7 8. Be3
O-O 9. a3 Nbd7 10. h3 Bh5 11. Qc2 a6 12. Rac1 Rac8 13. Nd2 Bg6 14. dxe5 dxe5
15. f3 Bc5 16. Bxc5 Nxc5 17. b4 Ne6 18. Nb3 Nh5 19. Rf2 Qe7 20. Bf1 Qh4 21. Ne2
Rcd8 22. Rd1 Rxd1 23. Qxd1 Rd8 24. Qc1 f5 25. exf5 Bxf5 26. g4 Bxg4 27. fxg4
Ng3 28. Qe3 Nxe2+ 29. Bxe2 Nf4 30. Bf1 Rd1 31. Kh2 h5 32. Qg3 Qe7 33. gxh5 Kh8
34. Nc5 a5 35. Nd3 Nxd3 36. Bxd3 e4 37. Re2 axb4 38. axb4 Qf6 39. Qb8+ Kh7 40.
Bxe4+ Kh6 41. Qh8+ Kg5 42. Rg2+ Kf4 43. Rf2+ 1-0

[Event "SR 3. liga A2 2006/2007"]
[Site "?"]
[Date "2007.02.11"]
[Round "8"]
[White "Vagovsky, Jozef"]
[Black "Sefcik, Marek"]
[Result "1/2-1/2"]
[WhiteElo "2034"]
[BlackElo "1974"]
[Annotator "Holíc - Cífer  /4/"]
[PlyCount "104"]
[EventDate "2006.??.??"]

1. d4 Nc6 2. Nf3 d6 3. c4 e5 4. d5 Nce7 5. Nc3 Ng6 6. e4 Be7 7. Bd3 Nf6 8. O-O
a5 9. Ne2 Bg4 10. Ng3 Nh4 11. Qa4+ Nd7 12. Nxh4 Bxh4 13. f3 Bxg3 14. hxg3 Bh5
15. Be3 b6 16. Rae1 f6 17. Be2 h6 18. Kf2 Ke7 19. Qc2 Qg8 20. Rh1 Qf7 21. g4
Bg6 22. Rh2 Rh7 23. Reh1 Rah8 24. g3 Qg8 25. f4 Be8 26. Bf3 g5 27. f5 Bf7 28.
Qe2 Qe8 29. a3 Kf8 30. Qd1 Qa8 31. b4 $2 axb4 32. axb4 Qa3 33. Bd2 Kg7 34. Qa1
Ra8 35. Qxa3 Rxa3 36. Rc1 Ra2 37. Ke3 Rh8 38. Be2 Rha8 39. Rch1 R8a3+ 40. Bd3
Rb3 41. Rb1 Rxb1 42. Bxb1 Ra1 43. Bd3 Be8 44. Bc3 Ra3 45. Bd2 Ra2 $11 46. Rh1
Ra3 47. Ke2 Ra2 48. Kd1 Ra1+ 49. Bc1 Ra2 50. Be2 Ra4 51. Bd2 Ra1+ 52. Bc1 Ra4
1/2-1/2